1680 1606 1228 1277 1807 1416 1270 1679 1198 1107 1297 1990 1696 1855 1468 1555 1958 1238 1914 1089 1451 1602 1970 1073 1786 1179 1026 1815 1586 1355 1161 1202 1072 1304 1956 1706 1899 1127 1588 1035 1382 1456 1383 1130 1942 1022 1396 1221 1665 1455 1920 1027 1467 1687 1356 1429 1937 1146 1155 1288 1763 1199 1536 1629 1946 1822 1243 1683 1003 1766 1091 1098 1079 1347 1522 1331 1947 1445 1951 1684 1157 1762 1355 1111 1815 1719 1072 1935 1061 1386 1918 1870 1248 1347 1388 1095 1536 1946 1302 BCNSPRNW ULIB Ver.6.0+V

เปลี่ยนเป็นภาษาไทย

Change to English
 แสดงรายละเอียดบรรณานุกรม
  กลับหน้าหลัก

Brief Record : Get Marc (ISO 2709) : E-mail record : QR code < ปิดหน้าต่าง
LEADER : 00000nam 2200000uu 4500
001    13399128960
003     ULIB
008    241110s||||||||th 000 0 tha d
020    ^a9786162852466
050  4 ^aPE1116.M4^bส187
245 00 ^aสนทนา 3 ภาษา ไทย อังกฤษ จีน :^bโต้ตอบอย่างมั่นใจพิชิตงานบริการในโรงพยาบาล = Thai English Mandarin 3 languagesconversations for hospital services /^cเรียบเรียงโดยกองบรรณาธิการ สำนักพิมพ์ทองเกษม
246 31 ^aThai English Mandarin 3 languages conversations forhospital services
250    ^aพิมพ์ครั้งที่ 1
260    ^aกรุงเทพฯ :^bทองเกษม/นานมี,^c2564
300    ^a177 หน้า :^bภาพประกอบ ;^c23 ซม.
490 1  ^aชุดการสื่อสารเพื่อพัฒนาอาชีพ
505 0  ^aUnit 1 ฝ่ายประชาสัมพันธ์โรงพยาบาล -- Unit 2งานเวชระเบียนและคัดกรองผู้ป่วย -- Unit 3 สอบถามประวัติผู้ป่วย --Unit 4 การฉีดยา -- Unit 5 แผนกรังสีวิทยาและห้องปฏิบัติการ -- Unit6 การพักฟื้นในโรงพยาบาลและการเยี่ยมไข้ -- Unit 7 ชำระเงินและรับยา-- Unit 8 แผนกทันตกรรม -- Unit 9 แผนกแพทย์แผนจีน -- Unit 10โคโรนาไวรัส 2019
546    ^aเนื้อหาเป็นภาษาไทย จีน อังกฤษ
650  4 ^aภาษาจีน^xบทสนทนาและวลี^xภาษาไทย
650  4 ^aภาษาอังกฤษ^xบทสนทนาและวลี (สำหรับบุคลากรทางการแพทย์)
650  4 ^aภาษาจีน^xบทสนทนาและวลี (สำหรับบุคลากรทางการแพทย์)
710 2  ^aกองบรรณาธิการ สำนักพิมพ์ทองเกษม
830  0 ^aชุดการสื่อสารเพื่อพัฒนาอาชีพ
945    ^p199^l0^i30375
999    ^aกัณชพร จุลอักษร
รายการนี้ยังไม่มีแท็ก
คุณยังไม่ได้ล็อกอิน คุณสามารถมีกิจกรรมร่วมกับเว็บไซต์ได้ แต่ต้องล็อกอินก่อน ::
  ล็อกอิน

รายการสื่อสารสนเทศ

ลำดับที่ ประเภท เลขเรียก/บาร์โค้ด สถานที่ สถานะ
1. หนังสือสำรอง
หนังสือสำรอง
PE1116.M4 ส187 ฉ.1 
  Barcode: 30375
ห้องสมุดวิทยาเขตนครสวรรค์
►หนังสือทั่วไป:l:General Books
บนชั้น

BibComment


ยังไม่เคยถูกคอมเมนท์

คอมเมนท์ทรัพยากรรายการนี้
  คอมเมนท์: สนทนา 3 ภาษา ไทย..


 Copyright 2026. Bcnsprnw @Library